| 000 | 00872nam a2200241 a 4500 | ||
|---|---|---|---|
| 001 | 000020259 | ||
| 005 | 20200929170333.0 | ||
| 008 | 100802s1946 sp 000 0 spa d | ||
| 040 |
_aDO-SdBNP _bspa _cBNPHU |
||
| 082 |
_a878.9 _bA68 |
||
| 100 | 1 |
_aApuleyo, Lucio _d125-180. _942876 |
|
| 245 | 1 | 0 |
_aAmor y psique / _cSegun la versión hecha en el siglo XV por Diego López de Cortegana ; Apuleyo ; Prólogo Carlos Soldevila; ilustrasión Pedro Bruna. |
| 260 |
_aBarcelona : _aArgos, _c1946. |
||
| 300 |
_a133 p. : _bil. ; _c32 cm. |
||
| 650 | 4 |
_aMitología griega _925559 |
|
| 650 | 4 |
_aPsique (deidad griega) _942877 |
|
| 650 | 4 |
_aEros (deidad griega) _942878 |
|
| 650 | 4 |
_aAmor en la literatura _922842 |
|
| 650 | 4 |
_aLiteratura latina _93147 |
|
| 700 | 1 | 2 |
_aCortegana, López de _942879 |
| 700 | 1 | 2 |
_aSoldevila, Carlos _epról. _942880 |
| 700 | 1 | 2 |
_aBruna, Pedro _eils. _942881 |
| 999 |
_c19763 _d19763 |
||